• 首页
  • 本馆介绍
  • 公告通知
  • 最新文献
  • 馆藏检索
  • 电子资源
  • 读者导购
  • 参考咨询
  • 我的图书馆
  • 登录
  • 详细信息显示
  • 放入我的书架
  • 预约/预借图书
  • 作者相关作品
  • 分类相关作品
  • 丛书相关作品
  • 出版社相关作品

书目信息

  • 表格格式
  • 工作单格式
  • 卡片格式
题名:
时间序列分形方法在大气环境中的应用
    
 
作者: 史凯 , 刘春琼 著
分册:  
出版信息: 北京   化学工业出版社  2019
页数: 175页
开本: 26cm
丛书名:
单 册:
中图分类: X16
科图分类:
主题词: 时间序列分析--应用--大气环境--研究
电子资源:
ISBN: 978-7-122-33410-7
000 01358nam0 2200265 450
001 2253514446
005 20220930145206.08
010    @a978-7-122-33410-7@dCNY85.00
100    @a20190508d2019 em y0chiy50 ea
101 0  @achi
102    @aCN@b110000
105    @aa z 000yy
200 1  @a时间序列分形方法在大气环境中的应用@9shi jian xu lie fen xing fang fa zai da qi huan jing zhong de ying yong@dApplication of fractal methods in atmospheric environment@f史凯,刘春琼著@zeng
210    @a北京@c化学工业出版社@d2019
215    @a175页@c图@d26cm
314    @a史凯 (1980-),男,2008年四川大学建筑与环境学院环境科学专业博士毕业,吉首大学生物资源与环境科学学院教授,硕士生导师;获得湘西州第十届青年科技奖。
314    @a刘春琼,女,2008年四川大学建筑与环境学院环境科学专业博士毕业,现在吉首大学生物资源与环境科学学院任教。已获得注册环评工程师、注册水土保持工程师。
330    @a本书主要介绍了分形理论概述、时间序列的分形方法、城市大气环境的非线性特征与非平稳性、城市大气污染演化的长期持续特征、DCCA方法在大气环境中的应用、城市大气污染演化的多重分形特征等内容。
510 1  @aApplication of fractal methods in atmospheric environment@zeng
606 0  @a时间序列分析@x应用@x大气环境@x研究
690    @aX16@v5
701  0 @a史凯@9shi kai@f(1980-)@4著
701  0 @a刘春琼@9liu chun qiong@4著
801  0 @aCN@b91MARC@c20190508
905    @aZUCC@dX16@e2
    
    时间序列分形方法在大气环境中的应用=Application of fractal methods in atmospheric environment/史凯,刘春琼著.-北京:化学工业出版社,2019
    175页:图;26cm
    
    
    ISBN 978-7-122-33410-7:CNY85.00
    本书主要介绍了分形理论概述、时间序列的分形方法、城市大气环境的非线性特征与非平稳性、城市大气污染演化的长期持续特征、DCCA方法在大气环境中的应用、城市大气污染演化的多重分形特征等内容。
●
相关链接 在五车中查询图书 在当当中查询图书 在豆瓣中查询图书


正题名:时间序列分形方法在大气环境中的应用     索取号:X16/2         预约/预借

序号 登录号 条形码 馆藏地/架位号 状态 备注
1 2000908741   2000908741   第三书库/ [索取号:X16/2] 在馆    
2 2000908742   2000908742   第三书库/ [索取号:X16/2] 在馆    
3 2000908743   2000908743   第三书库/ [索取号:X16/2] 在馆    
山东省滨州职业学院图书馆 欢迎您!
大连网信软件有限公司© 版权所有